Úlohy, formy a význam sprostredkovania poistenia a zaistenia v súčasných podmienkach slovenského poistného trhu diplomová práca

Salvato in:
Dettagli Bibliografici
Autore principale: Bilčík, Andrej
Ente Autore: Fakulta hospodárskej informatiky EU. Katedra účtovníctva a audítorstva
Altri autori: Meluchová, Jitka, 1965-
Natura: Libro
Lingua:slovacco
Pubblicazione: Bratislava 2009
Tags: Aggiungi Tag
Nessun Tag, puoi essere il primo ad aggiungerne!!

MARC

LEADER 00000nam$a2200000$$$4500
001 0097355
005 20240318135009.5
041 0 |a slo 
044 |a SK 
245 1 0 |a Úlohy, formy a význam sprostredkovania poistenia a zaistenia v súčasných podmienkach slovenského poistného trhu  |b diplomová práca  |c Andrej Bilčík ; škol. Jitka Meluchová 
264 1 |a Bratislava  |c 2009 
300 |a 76 s. 
100 1 |a Bilčík, Andrej 
700 1 |a Meluchová, Jitka, 1965- 
710 2 |a Fakulta hospodárskej informatiky EU. Katedra účtovníctva a audítorstva